IEEE circuits and systems magazine.

Bibliographic Details
New Title:IEEE circuits and devices magazine (Online)
Previous Title:Circuits and systems
Corporate Authors: Institute of Electrical and Electronics Engineers, IEEE Xplore (Online service)
Format: Journal
Language:English
Published: New York, NY : Institute of Electrical and Electronics Engineers, 1979-1984.
Subjects:
Online Availability: Check for online availability

MARC

Tag First Indicator Second Indicator Subfields
LEADER 00000cas a2200000Ia 4500
001 in00003521221
005 20151206124808.0
006 m fo d
007 cr |||||||||||
008 781212d19791984nyuqr pso 0 a0eng d
022 |l 0163-6812  |y 0163-6812 
029 1 |a NZ1  |b 14837093 
029 1 |a AU@  |b 000051433451 
030 |a ICSYDV 
032 |a 122150  |b USPS 
035 |a (OCoLC)ocn823772693 
035 |a (OCoLC)823772693 
037 |b IEEE Service Center, 445 Hoes Lane, Piscataway, NJ 08854 
040 |a NSDP  |b eng  |c AUD  |d OCLCF  |d OCLCO  |d TXA  |d UtOrBLW 
049 |a TXAM 
082 0 4 |a 621.3815/3/05 
090 |a TK3226  |b .I3 Electronic 
110 2 |a Institute of Electrical and Electronics Engineers. 
245 1 0 |a IEEE circuits and systems magazine. 
246 1 |a Institute of Electrical and Electronics Engineers circuits and systems magazine 
246 1 |a IEEE circuits syst. mag. 
246 1 |a Circuits and systems magazine 
264 1 |a New York, NY :  |b Institute of Electrical and Electronics Engineers,  |c 1979-1984. 
310 |a Quarterly 
336 |a text  |b txt  |2 rdacontent 
337 |a computer  |b c  |2 rdamedia 
338 |a online resource  |b cr  |2 rdacarrier 
362 1 |a Began with: Vol. 1, no. 1 (Mar. 1979); ceased with: Vol. 6, no. 4 (Dec. 1984). 
538 |a Mode of access: World Wide Web. 
588 |a Description based on: Vol. 1, no. 1 (Mar. 1979); title from PDF cover (IEEEXplore, viewed Dec. 15, 2014). 
588 |a Latest issue consulted: Vol. 6, no. 4 (Dec. 1984) (IEEEXplore, viewed Dec. 15, 2014). 
500 |a Electronic journal. 
650 0 |a Electrical engineering  |v Periodicals. 
650 0 |a Electronics  |v Periodicals. 
650 7 |a Electrical engineering.  |2 fast  |0 (OCoLC)fst01728596 
650 7 |a Electronics.  |2 fast  |0 (OCoLC)fst00907538 
655 7 |a Periodicals.  |2 fast  |0 (OCoLC)fst01411641 
710 2 |a IEEE Xplore (Online service) 
776 0 8 |i Print version:  |a Institute of Electrical and Electronics Engineers.  |t IEEE circuits and systems magazine  |x 0163-6812  |w (DLC) 80643430  |w (OCoLC)4445673 
780 0 0 |t Circuits and systems 
785 0 0 |t IEEE circuits and devices magazine (Online)  |x 1558-1888  |w (DLC) 2001255012  |w (OCoLC)44459970 
948 |a cataloged  |b h  |c 2014/12/15  |d c  |e spoltoratski  |f 3:25:52 pm  |g NCF 
994 |a C0  |b TXA 
999 |a MARS 
999 f f |s 58a9b220-d4dd-38a1-81eb-3d54859c927a  |i f8c80eb2-819e-3ce5-9e67-ce4f4cd772ef  |t 0 
952 f f |a Texas A&M University  |b College Station  |c Electronic Resources  |d Available Online  |t 0  |e TK3226 .I3  |g Electronic  |h Library of Congress classification 
998 f f |a TK3226 .I3  |t 0  |l Available Online